Central Library and Information Centre
Sibsagar Girls' College, Sivasagar : Assam

HIGHER ALGEBRA (Record no. 7702)

MARC details
000 -LEADER
fixed length control field 00415cam a2200181ua 4500
008 - FIXED-LENGTH DATA ELEMENTS--GENERAL INFORMATION
fixed length control field 160701n1996 II |||gr||||Z||||||eng
040 ## - CATALOGING SOURCE
Original cataloging agency MAIN
041 ## - LANGUAGE CODE
-- English
082 ## - DEWEY DECIMAL CLASSIFICATION NUMBER
Classification number 512 HAL
100 ## - MAIN ENTRY--PERSONAL NAME
Personal name HALL & KNIGHT.
245 ## - TITLE STATEMENT
Title HIGHER ALGEBRA
260 ## - PUBLICATION, DISTRIBUTION, ETC.
Place of publication, distribution, etc. NEW DELHI
Name of publisher, distributor, etc. S.CHAND & COMPANY
Date of publication, distribution, etc. 1996
300 ## - PHYSICAL DESCRIPTION
Extent 557:
Dimensions 24CM.
700 ## - ADDED ENTRY--PERSONAL NAME
Personal name HALL & KNIGHT.,
Relator term Author.
942 ## - ADDED ENTRY ELEMENTS (KOHA)
Koha item type Books
653 ## - INDEX TERM--UNCONTROLLED
Uncontrolled term Algebra
Holdings
Withdrawn status Lost status Damaged status Not for loan Collection code Home library Current library Shelving location Date acquired Full call number Barcode Date last seen Copy number Price effective from Koha item type
        TBMAT Central Library and Information Centre Sibsagar Girls College Central Library and Information Centre Sibsagar Girls College Mathematics Rack 23.06.1998 512 HAL 15072 27.02.2020 1 27.02.2020 Books


Sibsagar Girl's College © 2020. All rights reserved.
Powered by Koha.
Maintained by Abhijit Borpuzari.